| 000 | 01368nam a2200361 a 4500 | ||
|---|---|---|---|
| 001 | 000109109 | ||
| 003 | CHAP | ||
| 005 | 20220329144037.0 | ||
| 008 | 140403s2013 mx sm |||||||spa d | ||
| 010 | _a105571 | ||
| 011 | _a106543 | ||
| 040 | _cCHAP | ||
| 090 | _aTesis | ||
| 100 | 1 |
_aJuárez Méndez, Roberto _9126235 |
|
| 245 | 1 | 0 |
_aPropuesta de cadena productiva en aserrío alternativo, muebles, marquetería y canales de comercialización en el ejido Betania, Felipe Carrillo Puerto, Quintana Roo _h[En línea] _cpor Roberto Juárez Méndez. |
| 260 |
_aChapingo, Méx. : _bEl autor, _c2013. |
||
| 500 | _aPara ver el contenido del material haga clic en la liga | ||
| 502 | _aTesis (Ing. Forestal Industrial) -- UACH. División de Ciencias Forestales | ||
| 590 |
_aBATCH-UPD _b05 _c20141002 _lUCH01 _h0859 |
||
| 590 |
_aE6096MTM _b05 _c20140403 _lUCH01 _h1222 |
||
| 590 |
_aE6096MTM _b05 _c20140403 _lUCH01 _h1228 |
||
| 650 | 1 | 4 |
_aArtes y oficios. _97751 |
| 650 | 1 | 4 |
_aAserraderos. _97892 |
| 650 | 1 | 4 |
_aIndustria maderera _xQuintana Roo. _957892 |
| 650 | 1 | 4 |
_aMadera _xRendimiento. _969626 |
| 650 | 1 | 4 |
_aMadera _xSubproductos. _969627 |
| 650 | 1 | 4 |
_aMercadeo _xInvestigación. _974882 |
| 650 | 1 | 4 |
_aMuebles _xProducción. _979266 |
| 856 |
_aFinding aid _uhttp://10.13.5.2/tesis/sist109109.pdf _zTeclea aquí |
||
| 901 | _aBK | ||
| 942 | _cTESIS | ||
| 942 | _n0 | ||
| 999 |
_c105571 _d105571 |
||